| 000 | 01157cam a22002531 4500 | ||
|---|---|---|---|
| 999 |
_c6625 _d6625 |
||
| 001 | 384566 | ||
| 003 | OCoLC | ||
| 005 | 20190117171332.0 | ||
| 008 | 790516s1965 miu b 001 0 eng | ||
| 010 | _a 64022026 | ||
| 020 | _a0802831990 | ||
| 020 | _a9780802831996 | ||
| 040 |
_aDLC _beng _cDLC _dMUQ _dBTCTA _dHNW _dOCLCG _dIDI _dOCLCQ _dCFT |
||
| 050 | 0 | 0 |
_aBT262 _b.M6 |
| 082 | 0 | 0 |
_a225.8 _bM875C |
| 100 | 1 |
_aMorris, Leon, _d1914-2006. |
|
| 245 | 1 | 4 | _aThe Cross in the New Testament. |
| 260 |
_aGrand Rapids, _bW.B. Eerdmans Pub. Co. _c[1965] |
||
| 300 |
_a454 p. ; _c24 cm. |
||
| 504 | _aIncludes bibliographical references. | ||
| 505 | 0 | 0 |
_tThe cross in Matthew and Mark -- _tThe cross in the Lukan writings : the Gospel -- _tThe cross in the Lukan writings : the Acts -- _tThe cross in the Gospel according to St. John -- _tThe cross in the Pauline epistles : the plight of man -- _tThe cross in the Pauline epistles : the salvation of God -- _tThe cross in the Pauline epistles : man's response -- _tThe cross in the Epistle to the Hebrews -- _tThe cross in the Catholic Epistles and Revelation. |
| 650 | 0 |
_aAtonement _xBiblical teaching. |
|
| 942 |
_2ddc _cBK |
||